Countries Which Have People in Antarctica - Statistics

General Stats
  • This quiz has been taken 1,629 times
  • The average score is 17 of 20
Answer Stats
# of Residents Country % Correct
337 United States
100%
148 Russia
97%
37 United Kingdom
97%
62 Australia
95%
29 China
95%
26 France
95%
176 Argentina
94%
105 Chile
93%
10 New Zealand
92%
9 Germany
90%
28 Japan
90%
12 Brazil
88%
7 Norway
88%
40 India
86%
10 South Africa
85%
13 Italy
84%
34 South Korea
76%
12 Poland
57%
9 Uruguay
50%
12 Ukraine
47%
No matching quizzes found
Score Distribution
Percent of People with Each Score
Percentile by Number Answered
Your Score History
You have not taken this quiz